000 00801nas a2200265 4500
001 BR8306347
003 BR-BrBNA
005 20231205085724.0
007 ta
008 230509b bl.|||p| |||| 00| 00por d
040 _aBR-BrBNA
_bpor
_cBiblioteca Nacional de Agricultura
041 _a(Pt)
072 _aN20; F01
100 1 _aFerrari, R.A.R.
245 1 _aReducao e perdas na colheita mecanica
650 _aMECANIZACAO AGRICOLA
650 _aCOLHEITA MECANICA
650 _aPERDA DURANTE A COLHEITA
650 _aARROZ
650 _aMILHO
650 _aSOJA
773 0 _tInforme Agropecuario - Empresa de Pesquisa Agropecuaria de Minas Gerais (Brazil)
_xISSN 0100-3364
_g(Jul 1983), v. 9(103) p. 44-48
_wBR8306347
909 _a202311
_bLúcia
_c55
_dLúcia Elande
942 _2AGRIS
_n0
_cANA
999 _c113346
_d113346